000 00527nam a22001937a 4500
003 koha_MIRAKIL
005 20231213095912.0
008 231213b |||||||| |||| 00| 0 ||| d
020 _b9-75622564-5
040 _aTR-IsEVY
_btur
_cTR-IsEVY
082 _a500 JAN/Ç
100 _aJanssen, Ulrich.
245 0 _aÇocuk üniversitesi
_bikinci yarıyıl
260 _bOptimist Yayınları;
_c2003
300 _a223 s.
650 _aBilim -- Gençlik edebiyatı.
650 _aChildren's reference books.
942 _2ddc
_cBK
999 _c11304
_d11304